000 005280000a22002050004500
003 LK-CoMWRAF
005 20231006110441.0
008 230817t1997 ||||| |||| 00| 0 eng d
020 _a0070204969
040 _aLK-CoMWRAF
_dLK-CoMWRAF
_eLK-CoMWRAF
041 _aeng
082 _a339
_bLAN
100 _aLandsburg, Steven E.
245 _aMacroeconomics
260 _aNew york:
_bMcGraw-hill,
_c1997
300 _axxiii, 552 p.
_bIndex included
650 _aMACROECONOMICS
700 _aFeinstone, Lauren J.
942 _cBK
999 _c2372
_d2372